00682nam a2200241 a 4500001001300000003000900013005001700022008004100039020001000080082001500090100002000105245003700125260004800162300000800210500003500218505002800253650001400281700002000295902000800315942000700323952009500330999001500425nice12345678IN_TiNIC20260116011424.0050524s1924 laha grc 000 0 49g  ac10000a232.3bGAI aGairdner, W H T aMasih Ki Maut Ke Mukhtalif Pehlu aLahorebPunjab Religious Booksociety c1924 a33p aincludes index and biblioraphy2 aHand Written Manuscript aAtonement1 aGairdner, W H T bSRS cPC 00104070aHMIbHMId2007-06-18g100.00l0o232.3 GAIp4962r2007-06-18w2026-01-16yARB c1396d1396